| 000 | 00993nam a22002417a 4500 | ||
|---|---|---|---|
| 999 |
_c65817 _d65817 |
||
| 005 | 20240530110844.0 | ||
| 008 | 200912s2020 ua a f b 000 0dara d | ||
| 017 |
_a2019/22961 _bمصر. دار الكتب |
||
| 020 | _a9789777284651 | ||
| 040 |
_aEG-CaGPL _cEG-CaGPL |
||
| 082 | 0 | 4 |
_221 _a327.16\ _bأ ص |
| 100 | 0 | _aاحمد الباسوسى | |
| 245 | 1 | 2 |
_aالصراع على غاز شرق المتوسط وفرص التعاون / _cاحمد الباسوسى |
| 250 | _aط.1 | ||
| 260 |
_aالقاهرة : _bالمكتب العربى للمعارف، _c2020 |
||
| 300 |
_a382 ص. ؛ _c24 سم. |
||
| 504 | _aيشتمل على ارجاعات ببليوجرافية | ||
| 650 | 0 | 7 |
_2qrmak _aالغاز الطبيعى _xاقتصاديات |
| 650 | 0 | 7 |
_aالغاز الطبيعى _zشرق البحر المتوسط |
| 650 | 0 | 7 |
_aالغاز الطبيعى _xاقتصاديات _zشرق البحر المتوسط |
| 942 |
_2ddc _cBK |
||